| 000 | 00398nam a2200157Ia 4500 | ||
|---|---|---|---|
| 003 | OSt | ||
| 005 | 20240102064227.0 | ||
| 008 | 170523s9999 xx 000 0 und d | ||
| 020 | _a9780070473714 | ||
| 040 | _cIIMT UNIVERSITY | ||
| 100 | _aBHATIA- SINGH | ||
| 245 | 0 | _aPERSONNEL MANGEMENT AND HUMAN RESOURCE MANAGEMENT | |
| 260 | _bDEEP AND DEEP PUBLICATION | ||
| 260 | _c2001 | ||
| 942 |
_2ddc _c02 |
||
| 999 |
_c1339 _d1339 |
||